<?xml version="1.0" encoding="UTF-8"?>
<record
    xmlns:xsi="http://www.w3.org/2001/XMLSchema-instance"
    xsi:schemaLocation="http://www.loc.gov/MARC21/slim http://www.loc.gov/standards/marcxml/schema/MARC21slim.xsd"
    xmlns="http://www.loc.gov/MARC21/slim">

  <leader>00521nam a22001817a 4500</leader>
  <controlfield tag="005">20260423163330.0</controlfield>
  <controlfield tag="008">260423b        |||||||| |||| 00| 0 eng d</controlfield>
  <datafield tag="020" ind1=" " ind2=" ">
    <subfield code="a">9789389565980</subfield>
    <subfield code="c">1295.00</subfield>
  </datafield>
  <datafield tag="040" ind1=" " ind2=" ">
    <subfield code="a">MAIN</subfield>
  </datafield>
  <datafield tag="041" ind1=" " ind2=" ">
    <subfield code="a">English</subfield>
  </datafield>
  <datafield tag="082" ind1=" " ind2=" ">
    <subfield code="a">363.34</subfield>
    <subfield code="b">VAI</subfield>
  </datafield>
  <datafield tag="100" ind1=" " ind2=" ">
    <subfield code="a">Vaidyanathan, S.</subfield>
    <subfield code="9">18850</subfield>
  </datafield>
  <datafield tag="245" ind1=" " ind2=" ">
    <subfield code="a">Introduction Disaster Management</subfield>
    <subfield code="b"> : Natural Disasters and man Made Hazards</subfield>
  </datafield>
  <datafield tag="260" ind1=" " ind2=" ">
    <subfield code="a">New Delhi </subfield>
    <subfield code="b">CBS Publisher</subfield>
    <subfield code="c">2016</subfield>
  </datafield>
  <datafield tag="300" ind1=" " ind2=" ">
    <subfield code="a">576</subfield>
  </datafield>
  <datafield tag="650" ind1=" " ind2=" ">
    <subfield code="a">Environment Science (PM USHA)</subfield>
    <subfield code="9">26725</subfield>
  </datafield>
  <datafield tag="942" ind1=" " ind2=" ">
    <subfield code="c">BK</subfield>
  </datafield>
  <datafield tag="999" ind1=" " ind2=" ">
    <subfield code="c">60720</subfield>
    <subfield code="d">60720</subfield>
  </datafield>
  <datafield tag="952" ind1=" " ind2=" ">
    <subfield code="0">0</subfield>
    <subfield code="1">0</subfield>
    <subfield code="2">ddc</subfield>
    <subfield code="4">0</subfield>
    <subfield code="6">363_340000000000000_VAI</subfield>
    <subfield code="7">1</subfield>
    <subfield code="9">93743</subfield>
    <subfield code="a">MAIN</subfield>
    <subfield code="b">MAIN</subfield>
    <subfield code="d">2026-04-23</subfield>
    <subfield code="o">363.34 VAI</subfield>
    <subfield code="p">32874</subfield>
    <subfield code="r">2026-04-23</subfield>
    <subfield code="w">2026-04-23</subfield>
    <subfield code="y">REF</subfield>
  </datafield>
  <datafield tag="952" ind1=" " ind2=" ">
    <subfield code="0">0</subfield>
    <subfield code="1">0</subfield>
    <subfield code="2">ddc</subfield>
    <subfield code="4">0</subfield>
    <subfield code="6">363_340000000000000_VAI</subfield>
    <subfield code="7">0</subfield>
    <subfield code="9">93744</subfield>
    <subfield code="a">MAIN</subfield>
    <subfield code="b">MAIN</subfield>
    <subfield code="d">2026-04-23</subfield>
    <subfield code="l">0</subfield>
    <subfield code="o">363.34 VAI</subfield>
    <subfield code="p">32875</subfield>
    <subfield code="r">2026-04-23</subfield>
    <subfield code="w">2026-04-23</subfield>
    <subfield code="y">BK</subfield>
  </datafield>
  <datafield tag="952" ind1=" " ind2=" ">
    <subfield code="0">0</subfield>
    <subfield code="1">0</subfield>
    <subfield code="2">ddc</subfield>
    <subfield code="4">0</subfield>
    <subfield code="6">363_340000000000000_VAI</subfield>
    <subfield code="7">0</subfield>
    <subfield code="9">93745</subfield>
    <subfield code="a">MAIN</subfield>
    <subfield code="b">MAIN</subfield>
    <subfield code="d">2026-04-23</subfield>
    <subfield code="l">0</subfield>
    <subfield code="o">363.34 VAI</subfield>
    <subfield code="p">32876</subfield>
    <subfield code="r">2026-04-23</subfield>
    <subfield code="w">2026-04-23</subfield>
    <subfield code="y">BK</subfield>
  </datafield>
</record>
